000 00454 a2200181 4500
005 20260314094725.0
008 260313b |||||||| |||| 00| 0 eng d
020 _a9789350022320
_cRs. 325.00
040 _aMAIN
082 _a149.97
_bA23O
100 _aAnderson, Perry
245 _aOrigins of postmodernity
260 _bAakar Books
_aDelhi
_c2013
300 _avii, 143
650 _aPostmodernism
650 _aPhilosophy Systems
942 _cBK
999 _c394682
_d394682